Complementary and Private Pensions throughout the World : 2003 /

Obra en que se ofrece información sobre los sistemas de pensiones complementarios y privados que se ofrecen en diversos países del mundo: las políticas públicas y las leyes que los sustentan, los cambios que han sufrido, las evaluaciones y supervisiones a que están sujetos, cuotas, coberturas, benef...

وصف كامل

محفوظ في:
التفاصيل البيبلوغرافية
المؤلف الرئيسي: Schremmer, Jens (autor)
مؤلفون آخرون: Yermo, Juan (autor) (autor)
التنسيق: كتاب
اللغة:الإنجليزية
منشور في: Ginebra, Suiza : París, Francia : Asociación Internacional de Seguridad Social ; International Network of Pension Regulators and Supervisors, 2003, c2003
الموضوعات:
الوسوم: إضافة وسم
لا توجد وسوم, كن أول من يضع وسما على هذه التسجيلة!

MARC

LEADER 00000nam^a2200000^a^4500
001 000184737
005 20250521000000.0
009 20260310102126.763
020 |a 92-843-1160-8 
037 |a Acervo ITESO - Biblioteca 
041 |a ING 
082 |a 331. 252  |b COM 2003 
100 |a Schremmer, Jens  |e (autor) 
245 1 0 |a Complementary and Private Pensions throughout the World :  |b 2003 /  |c J. Schremmer, J. Yermo ; pref. de Dalmer D. Hoskins, André Laboul. 
264 4 |a Ginebra, Suiza :  |b Asociación Internacional de Seguridad Social ;  |a París, Francia :  |b International Network of Pension Regulators and Supervisors,  |c 2003, c2003 
300 |a 333 p. 
336 |a texto  |b txt  |2 rdacontenido 
337 |a sin mediación  |b n  |2 rdamedio 
338 |a volumen  |b nc  |2 rdasoporte 
520 |a Obra en que se ofrece información sobre los sistemas de pensiones complementarios y privados que se ofrecen en diversos países del mundo: las políticas públicas y las leyes que los sustentan, los cambios que han sufrido, las evaluaciones y supervisiones a que están sujetos, cuotas, coberturas, beneficios, métodos de financiamiento, entre otros datos de importancia, actualizados a enero de 2003 por la Asociación Internacional de Seguridad Social (ISSA), con cede en Génova, y la Red Internacional de Reguladores y Supervisores de Pensiones (INPRS), con sede en París. 
649 |a XX 
650 |a Jubilaciones y Pensiones 
650 |a Fondos para el Retiro 
650 |a Ahorro 
650 |a Prestaciones Laborales 
650 |a Sueldos y Salarios 
650 |a Seguridad Social 
650 |a Política Laboral 
650 |a Política Social 
650 |a Derecho Social 
650 |a Derecho Laboral 
650 |a Economía Comparada 
700 |a Yermo, Juan  |e (autor) 
910 |a Fondo General 
920 |a Impresos - Libros 
930 |a Obras de Referencia 
905 |a 102 
901 |a 0500125770  |b IT2  |c REF  |u 20250521 
902 |a https://opac.biblio.iteso.mx/vufind/Record/000184737